| 000 | 01422cam a22003254a 4500 | ||
|---|---|---|---|
| 001 | 12102608 | ||
| 005 | 20020821201201.0 | ||
| 008 | 000711s2001 enka b 001 0 eng | ||
| 010 | _a 00058516 | ||
| 020 | _a0521773075 (hardback) | ||
| 020 | _a0521774799 (paperback) | ||
| 040 |
_aDLC _cDLC _dDLC |
||
| 042 | _apcc | ||
| 050 | 0 | 0 |
_aQA76.87 _b.E45 2001 |
| 082 | 0 | 0 |
_a006.3 _221 _bENG |
| 100 | 1 |
_aEngel, A. _q(Andreas), _d1957- _96808 |
|
| 245 | 1 | 0 |
_aStatistical Mechanics of Learning / _cA. Engel, C. van den Broeck. |
| 260 |
_aCambridge, UK ; _aNew York, NY : _bCambridge University Press, _c2001. |
||
| 300 |
_axi, 329 p. : _bill. ; _c26 cm. |
||
| 504 | _aIncludes bibliographical references (p. 313-325) and index. | ||
| 650 | 0 |
_aNeural networks (Computer science) _96809 |
|
| 650 | 0 |
_aLearning. _96810 |
|
| 650 | 0 |
_aArtificial intelligence. _96811 |
|
| 700 | 1 |
_aBroeck, C. van den _q(Christian), _d1954- _96812 |
|
| 856 | 4 | 2 |
_3Publisher description _uhttp://www.loc.gov/catdir/description/cam021/00058516.html |
| 856 | 4 | 1 |
_3Table of contents _uhttp://www.loc.gov/catdir/toc/cam026/00058516.html |
| 942 |
_2ddc _cBB |
||
| 999 |
_c12000 _d12000 |
||